| 000 | 00698cam a2200217 a 4500 | ||
|---|---|---|---|
| 001 | 000006337 | ||
| 005 | 20200929153922.0 | ||
| 008 | 840214s1966 sp 000 j spa d | ||
| 040 |
_aDO-SdBNP _bspa _cLC _dBNPHU |
||
| 082 |
_a863.5 _bB644ó, 1966 |
||
| 100 | 1 |
_aBlasco Ibañez, Vicente, _d1867-1928. _915017 |
|
| 245 | 1 | 0 |
_aObras completas; con una nota bibliográfica / _cVicente Blasco Ibañez. |
| 250 | _a7a ed. | ||
| 260 |
_aMadrid : _bAguilar, _c1966. |
||
| 300 |
_av. ; _c18 cm. |
||
| 500 | _aIncluye biografía del autor | ||
| 650 | 4 |
_aCuentos españoles _xColecciones _917653 |
|
| 650 | 4 |
_aLiteratura española _xColecciones _94174 |
|
| 910 | _aCatalogación por copia / LC | ||
| 049 | _aBNGR | ||
| 999 |
_c6132 _d6132 |
||